A Zsinati Elnökség 31. üléséről

Bibliographic Details
Format: Article
Language:Hungarian
ISSN:1335-7298
Subjects:

MARC

LEADER 00000nab a2200000 ar4500
001 vtls009003481
003 SK-MaSNL
005 20260319071257.0
008 070521c2007 xo |||||||| 000 b|hun
015 |a SNBRB2007/05  |2 snkbucl 
038 |a SNKBUCL 
040 |a DSZK  |b slo  |c DSZK  |e AACR2 
041 0 |a hun 
044 |a xo  |c SK 
080 |a 284.2  |x (437.6)  |2 1997 
080 |a 061.3  |2 1997 
245 0 0 |a A Zsinati Elnökség 31. üléséről 
500 |a Článok bol publikovaný aj v časopise Kalvínske hlasy. - Roč. LXXVIII, č. 5 (2007), s. 5 
610 2 7 |a Reformovaná kresťanská cirkev na Slovensku  |b Synoda  |b Predsedníctvo  |x zasadanie  |y 13.4.2007  |2 snkbucl  |9 1065811 
648 7 |a 13.4.2007  |2 snkbucl  |9 316047 
648 7 |a 2007  |2 snkbucl  |9 313226 
651 7 |a Rimavská Sobota (Slovensko)  |2 snkbucl  |9 28655 
773 0 |t Kálvinista szemle  |g Évf. LXXVIII, sz. 5 (2007), o. 11  |x 1335-7298 
852 |a SNK  |b KIS3GCP 
852 |a DSZK  |b KIS3GCP 
958 |a HU 
958 |a SK 
958 |a NT 
999 |c 1751728  |d 1753658